| 000 | 02402cam a22004454i 4500 | ||
|---|---|---|---|
| 003 | PE-LiUPU | ||
| 005 | 20250731165421.0 | ||
| 008 | 160107s2013 pe grm 000 0 spa d | ||
| 035 | _a(Sirsi) a155641 | ||
| 040 |
_aPE-LiUPU _bspa _cPE-LiUPU _erda |
||
| 099 |
_aTE 3 _bD53 2013 |
||
| 100 | 1 |
_aDel Aguila Gonzales, Marina _eautor |
|
| 245 | 1 | 3 |
_aLa pedagogía en la narrativa de Carlos Eduardo Zavaleta / _cMarina del Aguila Gonzáles. |
| 264 | 0 | _c2013. | |
| 300 |
_a60 hojas _c30 cm |
||
| 336 |
_atext _2rdacontent |
||
| 337 |
_aunmediated _2rdamedia |
||
| 338 |
_avolume _2rdacarrier |
||
| 502 |
_aTesis _b(Mg.) -- _cUniversidad Peruana Unión, _d2013. |
||
| 504 | _aIncluye referencias | ||
| 520 | 3 | _aEl estudio se ha realizado sobre la narrativa de Carlos Edudardo Zavaleta, un gran narrador y representativo de la Generación del 50, constituida en un símbolo de la literatura peruana. Para realizar el estudio se ha recurrido a la hermenéutica, constituida en una herramienta o disciplina de la interpretación de los textos literarios y la oralidad encontratos en los mismos, entiendo de esta manera a sus autores, contenidos y destinatarios, presentados o mostrados en una cara múltiple, sin distorsionar la gran diversidad de planteamientos. Además el estudio se ha realizado en el contexto de tres objetivos a) Analizar los contextos narrativos y la relación de Carlos Eduardo Zavaleta con la Generación de los 50s, una de las generaciones más representativas en la literatura peruana, b) Analizar los retratos del maestro en la narrativa de Zavaleta, específicamente en cuatro cuentos: "Vestido de luto", "¡Esa india!", "Una resurrección cotidiana" y "Mister X"; c) Analizar los valores pedagógicos en la narrativa de Carlos Eduardo Zavaleta, un narrador peruano y representante de la Generación de los 50s. | |
| 526 | _aSEG44 | ||
| 526 | _aSEG26 | ||
| 526 | _aP151 | ||
| 526 | _aP150 | ||
| 526 | _aP149 | ||
| 526 | _aP146 | ||
| 526 | _aP145 | ||
| 526 | _aP126 | ||
| 526 | _aP125 | ||
| 526 | _aP92 | ||
| 526 | _aP75 | ||
| 526 | _aP74 | ||
| 526 | _aP27 | ||
| 526 | _aP15 | ||
| 600 |
_aZavaleta, Carlos Eduardo, _d1927- _xPedagogía _vTesis. |
||
| 596 | _a1 | ||
| 942 |
_2ddc _cTESIS |
||
| 999 |
_aTE 3 D53 2013 _wALPHANUM _c8317 _iT01329 _lCCODEBUL3 _mBUL _r1 _sY _tTESIS _u2016-1-7 _xPOSGRADO _PP57 _o.STAFF. Tesis _d8317 |
||
| 980 |
_81 _gALBERTO SANCHEZ Responsable de Automatización |
||